[Event "Warsaw YMCA Autumn-B 265th"]
[Site "Warsaw"]
[Date "2022.11.03"]
[Round "6"]
[White "Dropia, Rafal"]
[Black "Mlynarski, Zbigniew"]
[Result "1/2-1/2"]
[WhiteElo "1568"]
[BlackElo "1588"]
[PlyCount "55"]
[EventDate "2022.09.28"]
[EventType "tourn"]
[EventRounds "13"]
[EventCountry "POL"]
[SourceTitle "EXT 2024"]
[Source "ChessBase"]
[SourceDate "2023.10.10"]
[SourceVersion "1"]
[SourceVersionDate "2023.10.10"]
[SourceQuality "1"]

1. d4 Nf6 2. c4 g6 3. f3 Bg7 4. e4 d6 5. Nc3 c5 6. Be3 cxd4 7. Bxd4 Nc6 8. Be3 Be6 9. Qd2 Qa5 10. Nd5 Nxd5 11. cxd5 Nb4 12. Kf2 Rc8 13. Rc1 Rxc1 14. Qxc1 Bd7 15. a3 Na6 16. b4 Qa4 17. Bd3 0-0 18. Bc2 Qb5 19. Ne2 e6 20. Rd1 Rc8 21. Qb1 Nc7 22. a4 Qa6 23. b5 Qa5 24. Bd2 Qb6+ 25. Be3 Qa5 26. Bd2 Qb6+ 27. Be3 Qa5 28. Bd2 1/2-1/2

[Event "Warsaw YMCA Autumn-B 265th"]
[Site "Warsaw"]
[Date "2022.09.28"]
[Round "1"]
[White "Szumigaj, Marcin"]
[Black "Dropia, Rafal"]
[Result "1-0"]
[WhiteElo "1510"]
[BlackElo "1568"]
[PlyCount "61"]
[EventDate "2022.09.28"]
[EventType "tourn"]
[EventRounds "13"]
[EventCountry "POL"]
[SourceTitle "EXT 2024"]
[Source "ChessBase"]
[SourceDate "2023.10.10"]
[SourceVersion "1"]
[SourceVersionDate "2023.10.10"]
[SourceQuality "1"]

1. e4 c5 2. Nf3 a6 3. c3 d5 4. exd5 Qxd5 5. d4 Nf6 6. Be2 e6 7. 0-0 Nc6 8. c4 Qd8 9. Be3 cxd4 10. Nxd4 Bd7 11. Nc3 Qc7 12. Nxc6 Bxc6 13. Qb3 Bd6 14. g3 h5 15. Bb6 Qb8 16. c5 Be5 17. Rad1 Nd7 18. Rd3 h4 19. Bf3 hxg3 20. Bxc6 gxf2+ 21. Rxf2 Bxh2+ 22. Kf1 bxc6 23. Ne4 Be5 24. Ng5 0-0 25. Nxe6 Nxb6 26. Nxf8 Qxf8 27. cxb6 Rb8 28. b7 c5 29. Rd7 Bf6 30. Qg3 Kh8 31. Rh2+ 1-0

[Event "Warsaw Szansa Rapid op"]
[Site "Warsaw"]
[Date "2021.09.11"]
[Round "1"]
[White "Dropia, Rafal"]
[Black "Bartel, Mateusz"]
[Result "0-1"]
[WhiteElo "1621"]
[BlackElo "2611"]
[PlyCount "80"]
[EventDate "2021.09.11"]
[EventType "swiss (rapid)"]
[EventRounds "9"]
[EventCountry "POL"]
[SourceTitle "CBM 204 Extra"]
[Source "ChessBase"]
[SourceDate "2021.11.30"]
[SourceVersion "1"]
[SourceVersionDate "2021.11.30"]
[SourceQuality "1"]

1. d4 d6 2. c4 e5 3. d5 a5 4. e4 Nd7 5. Nc3 Be7 6. Be3 Ngf6 7. f3 0-0 8. Nge2 Nc5 9. Qd2 Nfd7 10. g4 Bh4+ 11. Ng3 g6 12. 0-0-0 a4 13. f4 exf4 14. Bxf4 Ne5 15. Be2 Bxg4 16. Bxe5 dxe5 17. Kb1 Bxe2 18. Qxe2 b6 19. Rhf1 Qd7 20. Nb5 Nb7 21. Qe3 f6 22. Rf3 Nd6 23. Nxd6 Qxd6 24. Rg1 Kh8 25. Ne2 Qc5 26. Qd3 Bg5 27. Rg4 h5 28. Rg2 h4 29. Nc3 Kg7 30. Rf1 Qe3 31. Qc2 a3 32. b3 Rf7 33. d6 cxd6 34. Nd5 Qd4 35. Rd1 Qc5 36. b4 Qc6 37. Rf1 Raf8 38. Re1 b5 39. cxb5 Qxb5 40. Rc1 Bxc1 0-1

[Event "Warsaw Najdorf Memorial op-B"]
[Site "Warsaw"]
[Date "2021.07.14"]
[Round "5"]
[White "Dropia, Rafal"]
[Black "Olszewski, Antoni"]
[Result "1-0"]
[WhiteElo "1634"]
[BlackElo "1410"]
[PlyCount "59"]
[EventDate "2021.07.10"]
[EventType "swiss"]
[EventRounds "9"]
[EventCountry "POL"]
[SourceTitle "EXT 2022"]
[Source "ChessBase"]
[SourceDate "2021.10.06"]
[SourceVersion "1"]
[SourceVersionDate "2021.10.06"]
[SourceQuality "1"]

1. d4 d5 2. Bf4 Nf6 3. e3 e6 4. Nf3 c5 5. c3 Nbd7 6. Nbd2 Be7 7. Bd3 0-0 8. Ne5 Nxe5 9. dxe5 Nd7 10. h4 f5 11. g4 Qe8 12. Nf3 Qf7 13. Rg1 Nb8 14. gxf5 exf5 15. Bh6 g6 16. Bxf8 Bxf8 17. Ng5 Qe8 18. f4 Nc6 19. h5 Bh6 20. hxg6 hxg6 21. Qf3 Bxg5 22. Rxg5 Be6 23. Kf2 Ne7 24. Rh1 Kg7 25. Qg2 Qf7 26. Rgh5 Kf8 27. Rh8+ Ng8 28. R1h7 Qe8 29. Qg5 Bf7 30. Rxg8+ 1-0